Most Popular Language in Every Country (with a map) - Statistics

General Stats
  • This quiz has been taken 2,252 times
  • The average score is 150 of 196
Answers on the Map
Answers color-coded by a green-red scale on the quiz's map according to % correct below.
 
Answer Stats
Country Language % Correct
Antigua and Barbuda | Australia | Bahamas | +17 others English
99%
Guyana English/Guyanese Creole (English Creole)
99%
Argentina | Belize | Bolivia | +17 others Spanish
99%
Benin | Burkina Faso | Chad | +12 others French
98%
Belarus | Russia Russian
97%
Austria | Germany | Liechtenstein | Switzerland German
96%
Angola | Brazil | Cape Verde | +2 others Portuguese
96%
Algeria | Bahrain | Comoros | +16 others Arabic
95%
Mauritania Hassaniya Arabic
95%
Italy | San Marino | Vatican City Italian
93%
China | Taiwan Mandarin
93%
Belgium | Netherlands | Suriname Dutch
92%
Japan Japanese
92%
India Hindi
91%
North Korea | South Korea Korean
91%
Sweden Swedish
91%
Turkey Turkish
90%
Cyprus | Greece Greek
89%
Poland Polish
89%
Denmark Danish
88%
Indonesia Bahasa Indonesia
87%
Malaysia Bahasa Malaysia
87%
Finland Finnish
87%
Brunei Malay
87%
Ukraine Ukrainian
87%
Moldova Moldovan/Romanian
86%
Mongolia Mongolian
86%
Romania Romanian
86%
Norway (Bokmål) Norwegian
85%
Thailand Thai
85%
Vietnam Vietnamese
84%
Bulgaria Bulgarian
83%
Croatia Croatian
83%
Czech Republic Czech
83%
Afghanistan Dari Persian
83%
Estonia Estonian
83%
Hungary Hungarian
83%
Latvia Latvian
83%
Lithuania Lithuanian
83%
Iran Persian
83%
Montenegro | Serbia Serbian
83%
Albania | Kosovo Albanian
82%
Iceland Icelandic
82%
Slovakia Slovak
82%
Kazakhstan Kazakh
81%
Bosnia and Herzegovina Bosnian
80%
Slovenia Slovenian
80%
Armenia Armenian
79%
Georgia Georgian
79%
Cambodia Khmer
79%
Bangladesh Bengali
78%
Laos Lao
78%
Uzbekistan Uzbek
78%
Philippines Filipino
76%
Azerbaijan Azerbaijani
75%
North Macedonia Macedonian
75%
Turkmenistan Turkmen
75%
Nepal Nepali
74%
Tajikistan Tajik
74%
Somalia Somali
71%
Kyrgyzstan Kyrgyz
70%
Tanzania Swahili
70%
Myanmar Burmese
68%
Israel Hebrew
61%
South Africa Zulu
61%
Malta Maltese
56%
Pakistan Punjabi
50%
Samoa Samoan
47%
Maldives Dhibehi
45%
Tonga Tongan
44%
Luxembourg Luxembourgish
43%
Lesotho Sesotho
43%
Sri Lanka Sinhala
41%
Kiribati Gilbertese
40%
Paraguay Guarani
39%
Nauru Nauruan
39%
Palau Palauan
39%
Eswatini Swazi
39%
Botswana Tswana
39%
Tuvalu Tuvaluan
39%
Andorra Catalan
38%
Rwanda Kinyar-Wanda
36%
Jamaica Jamaican Patois (English Creole)
35%
Burundi Kirundi
35%
Marshall Islands Marshallese
35%
Ethiopia Oromo
32%
Mauritius Mauritian Creole (French Creole)
30%
Eritrea Tigrinya
30%
Seychelles Seychellois Creole (French Creole)
25%
Vanuatu Apma/Bislama (English Creole)
24%
Uganda Luganda
23%
Dominica Dominican Creole (French Creole)
18%
Grenada Grenadian Creole (English/French Creole)
18%
Zimbabwe Shona
18%
East Timor Tetum
17%
Ghana Twi
14%
Cameroon Cameroonian Pidgin English (English Creole)
13%
Solomon Islands Solomons Pidgin (English Creole)
13%
Papua New Guinea Tok Pisin (English Creole)
12%
Guinea-Bissau Guinea-Bissau Creole (Portuguese Creole)
7%
Kenya Kikuyu
6%
Zambia Bemba
3%
Liberia Kpelle
2%
Namibia Kwanyama
2%
Mozambique Makhuwa
2%
Bhutan Tshangla
2%
Ivory Coast Baoulé
1%
Central African Republic Gbaya
1%
Republic of the Congo Kituba
1%
No matching quizzes found
Score Distribution
Percent of People with Each Score
Percentile by Number Answered
Your Score History
You have not taken this quiz